LIBRARY & INFORMATION CENTRE, KCAET, TAVANUR

ONLINE PUBLIC ACCESS CATALOGUE (OPAC)

Spices, Vol 1 / (Record no. 7309)

MARC details
000 -LEADER
fixed length control field 00568cam a2200241ua 4500
020 ## - INTERNATIONAL STANDARD BOOK NUMBER
ISBN 0-582-46811-6
041 ## - LANGUAGE CODE
Language code of text/sound track or separate title eng
082 ## - DEWEY DECIMAL CLASSIFICATION NUMBER
Classification number 633.83
Item number PUR/SP
100 ## - MAIN ENTRY--AUTHOR NAME
Personal name Purseglove, J W.
245 ## - TITLE STATEMENT
Title Spices, Vol 1 /
250 ## - EDITION STATEMENT
Edition statement 1 /
260 ## - PUBLICATION, DISTRIBUTION, ETC. (IMPRINT)
Place of publication London :
Name of publisher Longman ,
Year of publication 1987.
300 ## - PHYSICAL DESCRIPTION
Number of Pages 439 ; .
500 ## - GENERAL NOTE
General note 16523-Reference
700 1# - ADDED ENTRY--PERSONAL NAME
Personal name Brown, E G.
700 1# - ADDED ENTRY--PERSONAL NAME
Personal name Green, C L.
700 1# - ADDED ENTRY--PERSONAL NAME
Personal name Robbins, S R J.
942 ## - ADDED ENTRY ELEMENTS (KOHA)
Koha item type Books
Holdings
Withdrawn status Lost status Damaged status Home library Current library Date acquired Full call number Accession Number Koha item type
      KAUAET KAUAET 31/05/1989 633.83 16515 Books
      KAUAET KAUAET 07/08/1989 633.83 16523 Books
free website counter